000
00267nam a22001097a 4500
008
170126b xxu||||| |||| 00| 0 eng d
020
_a
0300043651
041
_a
eng
080
_a
61
245
_a
DEATH DYING AND THE BIOLOGICAL REVOLUTION
_c
VEATCH, R.M
942
_2
udc
_c
BK
999
_c
3752
_d
3752